<?xml version="1.0" encoding="UTF-8"?>
<record
    xmlns:xsi="http://www.w3.org/2001/XMLSchema-instance"
    xsi:schemaLocation="http://www.loc.gov/MARC21/slim http://www.loc.gov/standards/marcxml/schema/MARC21slim.xsd"
    xmlns="http://www.loc.gov/MARC21/slim">

  <leader>00881nam a22002897a 4500</leader>
  <controlfield tag="003">AR-BeUNQ</controlfield>
  <controlfield tag="005">20220425132001.0</controlfield>
  <controlfield tag="008">220425b        |||||||| |||| 00| 0 spa d</controlfield>
  <datafield tag="020" ind1=" " ind2=" ">
    <subfield code="a">9789875761827</subfield>
  </datafield>
  <datafield tag="040" ind1=" " ind2=" ">
    <subfield code="a">AR-BeUNQ</subfield>
    <subfield code="b">spa</subfield>
    <subfield code="c">AR-BeUNQ</subfield>
    <subfield code="e">aacr</subfield>
  </datafield>
  <datafield tag="082" ind1=" " ind2=" ">
    <subfield code="2">21</subfield>
    <subfield code="a">530 / FIS</subfield>
    <subfield code="b">59239</subfield>
  </datafield>
  <datafield tag="100" ind1=" " ind2=" ">
    <subfield code="a">Olazar, Liliana</subfield>
    <subfield code="c">coaut. </subfield>
    <subfield code="d">1980</subfield>
  </datafield>
  <datafield tag="110" ind1=" " ind2=" ">
    <subfield code="t">F&#xEC;sica Qu&#xED;mica 2ES</subfield>
  </datafield>
  <datafield tag="240" ind1=" " ind2=" ">
    <subfield code="f">2008</subfield>
    <subfield code="k">8</subfield>
    <subfield code="l">espa&#xF1;ol</subfield>
  </datafield>
  <datafield tag="245" ind1=" " ind2=" ">
    <subfield code="a">F&#xED;sica-qu&#xED;mica 2 ES</subfield>
    <subfield code="c">Liliana Olazar</subfield>
    <subfield code="h">libro</subfield>
  </datafield>
  <datafield tag="250" ind1=" " ind2=" ">
    <subfield code="a">1&#xBA;.ed. </subfield>
    <subfield code="b">2da reimp. </subfield>
  </datafield>
  <datafield tag="260" ind1=" " ind2=" ">
    <subfield code="a">Buenos Aires :</subfield>
    <subfield code="b">Tinta Fresca, </subfield>
    <subfield code="c">2008</subfield>
  </datafield>
  <datafield tag="300" ind1=" " ind2=" ">
    <subfield code="a">240 p. ; </subfield>
    <subfield code="b">il. ;</subfield>
    <subfield code="c"> cm</subfield>
  </datafield>
  <datafield tag="504" ind1=" " ind2=" ">
    <subfield code="a">&#xED;ndice alfab&#xE9;tico tem&#xE1;tico</subfield>
  </datafield>
  <datafield tag="600" ind1=" " ind2=" ">
    <subfield code="a">F&#xED;sica</subfield>
    <subfield code="c">Quimica</subfield>
    <subfield code="d">2008</subfield>
  </datafield>
  <datafield tag="610" ind1=" " ind2=" ">
    <subfield code="a">Fisica Quimica 2ES</subfield>
  </datafield>
  <datafield tag="648" ind1=" " ind2=" ">
    <subfield code="a">2008</subfield>
  </datafield>
  <datafield tag="650" ind1=" " ind2=" ">
    <subfield code="a">Fisica</subfield>
    <subfield code="2">spines</subfield>
  </datafield>
  <datafield tag="651" ind1=" " ind2=" ">
    <subfield code="a">Argentina</subfield>
    <subfield code="2">tell</subfield>
  </datafield>
  <datafield tag="929" ind1=" " ind2=" ">
    <subfield code="a">COMPRA</subfield>
    <subfield code="b">Ministerio de Educaci&#xF3;n de la Naci&#xF3;n</subfield>
    <subfield code="e">12/02/2022</subfield>
    <subfield code="j">59239</subfield>
  </datafield>
  <datafield tag="942" ind1=" " ind2=" ">
    <subfield code="c">LIB</subfield>
  </datafield>
  <datafield tag="999" ind1=" " ind2=" ">
    <subfield code="c">242</subfield>
    <subfield code="d">242</subfield>
  </datafield>
  <datafield tag="952" ind1=" " ind2=" ">
    <subfield code="0">0</subfield>
    <subfield code="1">0</subfield>
    <subfield code="a">BIBESET</subfield>
    <subfield code="b">BIBESET</subfield>
    <subfield code="c">circulacion</subfield>
    <subfield code="d">2022-02-07</subfield>
    <subfield code="l">1</subfield>
    <subfield code="o">530/ FIS</subfield>
    <subfield code="p">59239</subfield>
    <subfield code="r">2025-11-25</subfield>
    <subfield code="s">2025-11-25</subfield>
    <subfield code="w">2022-04-25</subfield>
    <subfield code="y">LIB</subfield>
  </datafield>
  <datafield tag="952" ind1=" " ind2=" ">
    <subfield code="0">0</subfield>
    <subfield code="1">0</subfield>
    <subfield code="a">BIBESET</subfield>
    <subfield code="b">BIBESET</subfield>
    <subfield code="c">circulacion</subfield>
    <subfield code="d">2022-02-07</subfield>
    <subfield code="l">0</subfield>
    <subfield code="o">530/ FIS</subfield>
    <subfield code="p">59242</subfield>
    <subfield code="r">2022-04-25</subfield>
    <subfield code="w">2022-04-25</subfield>
    <subfield code="y">LIB</subfield>
  </datafield>
  <datafield tag="952" ind1=" " ind2=" ">
    <subfield code="0">0</subfield>
    <subfield code="1">0</subfield>
    <subfield code="a">BIBESET</subfield>
    <subfield code="b">BIBESET</subfield>
    <subfield code="c">circulacion</subfield>
    <subfield code="d">2022-02-07</subfield>
    <subfield code="l">0</subfield>
    <subfield code="o">530/ FIS</subfield>
    <subfield code="p">59243</subfield>
    <subfield code="r">2022-04-25</subfield>
    <subfield code="w">2022-04-25</subfield>
    <subfield code="y">LIB</subfield>
  </datafield>
  <datafield tag="952" ind1=" " ind2=" ">
    <subfield code="0">0</subfield>
    <subfield code="1">0</subfield>
    <subfield code="a">BIBESET</subfield>
    <subfield code="b">BIBESET</subfield>
    <subfield code="c">circulacion</subfield>
    <subfield code="d">2022-02-07</subfield>
    <subfield code="l">0</subfield>
    <subfield code="o">530/ FIS</subfield>
    <subfield code="p">59244</subfield>
    <subfield code="r">2022-04-25</subfield>
    <subfield code="w">2022-04-25</subfield>
    <subfield code="y">LIB</subfield>
  </datafield>
  <datafield tag="952" ind1=" " ind2=" ">
    <subfield code="0">0</subfield>
    <subfield code="1">0</subfield>
    <subfield code="a">BIBESET</subfield>
    <subfield code="b">BIBESET</subfield>
    <subfield code="c">circulacion</subfield>
    <subfield code="d">2022-02-07</subfield>
    <subfield code="l">0</subfield>
    <subfield code="o">530/ FIS</subfield>
    <subfield code="p">59245</subfield>
    <subfield code="r">2022-04-25</subfield>
    <subfield code="w">2022-04-25</subfield>
    <subfield code="y">LIB</subfield>
  </datafield>
  <datafield tag="952" ind1=" " ind2=" ">
    <subfield code="0">0</subfield>
    <subfield code="1">0</subfield>
    <subfield code="a">BIBESET</subfield>
    <subfield code="b">BIBESET</subfield>
    <subfield code="c">circulacion</subfield>
    <subfield code="d">2022-02-07</subfield>
    <subfield code="l">0</subfield>
    <subfield code="o">530/ FIS</subfield>
    <subfield code="p">59246</subfield>
    <subfield code="r">2022-04-25</subfield>
    <subfield code="w">2022-04-25</subfield>
    <subfield code="y">LIB</subfield>
  </datafield>
  <datafield tag="952" ind1=" " ind2=" ">
    <subfield code="0">0</subfield>
    <subfield code="1">0</subfield>
    <subfield code="a">BIBESET</subfield>
    <subfield code="b">BIBESET</subfield>
    <subfield code="c">circulacion</subfield>
    <subfield code="d">2022-02-07</subfield>
    <subfield code="l">0</subfield>
    <subfield code="o">530/ FIS</subfield>
    <subfield code="p">59247</subfield>
    <subfield code="r">2022-04-25</subfield>
    <subfield code="w">2022-04-25</subfield>
    <subfield code="y">LIB</subfield>
  </datafield>
  <datafield tag="952" ind1=" " ind2=" ">
    <subfield code="0">0</subfield>
    <subfield code="1">0</subfield>
    <subfield code="a">BIBESET</subfield>
    <subfield code="b">BIBESET</subfield>
    <subfield code="c">circulacion</subfield>
    <subfield code="d">2022-02-07</subfield>
    <subfield code="l">0</subfield>
    <subfield code="o">530/ FIS</subfield>
    <subfield code="p">59248</subfield>
    <subfield code="r">2022-04-25</subfield>
    <subfield code="w">2022-04-25</subfield>
    <subfield code="y">LIB</subfield>
  </datafield>
  <datafield tag="952" ind1=" " ind2=" ">
    <subfield code="0">0</subfield>
    <subfield code="1">0</subfield>
    <subfield code="a">BIBESET</subfield>
    <subfield code="b">BIBESET</subfield>
    <subfield code="c">circulacion</subfield>
    <subfield code="d">2022-02-07</subfield>
    <subfield code="l">0</subfield>
    <subfield code="o">530/ FIS</subfield>
    <subfield code="p">59249</subfield>
    <subfield code="r">2022-04-25</subfield>
    <subfield code="w">2022-04-25</subfield>
    <subfield code="y">LIB</subfield>
  </datafield>
  <datafield tag="952" ind1=" " ind2=" ">
    <subfield code="0">0</subfield>
    <subfield code="1">0</subfield>
    <subfield code="a">BIBESET</subfield>
    <subfield code="b">BIBESET</subfield>
    <subfield code="c">circulacion</subfield>
    <subfield code="d">2022-02-07</subfield>
    <subfield code="l">0</subfield>
    <subfield code="o">530/ FIS</subfield>
    <subfield code="p">59250</subfield>
    <subfield code="r">2022-04-25</subfield>
    <subfield code="w">2022-04-25</subfield>
    <subfield code="y">LIB</subfield>
  </datafield>
  <datafield tag="952" ind1=" " ind2=" ">
    <subfield code="0">0</subfield>
    <subfield code="1">0</subfield>
    <subfield code="a">BIBESET</subfield>
    <subfield code="b">BIBESET</subfield>
    <subfield code="c">circulacion</subfield>
    <subfield code="d">2022-02-07</subfield>
    <subfield code="l">0</subfield>
    <subfield code="o">530/ FIS</subfield>
    <subfield code="p">59251</subfield>
    <subfield code="r">2022-04-25</subfield>
    <subfield code="w">2022-04-25</subfield>
    <subfield code="y">LIB</subfield>
  </datafield>
  <datafield tag="952" ind1=" " ind2=" ">
    <subfield code="0">0</subfield>
    <subfield code="1">0</subfield>
    <subfield code="a">BIBESET</subfield>
    <subfield code="b">BIBESET</subfield>
    <subfield code="c">circulacion</subfield>
    <subfield code="d">2022-02-07</subfield>
    <subfield code="l">0</subfield>
    <subfield code="o">530/ FIS</subfield>
    <subfield code="p">59252</subfield>
    <subfield code="r">2022-04-25</subfield>
    <subfield code="w">2022-04-25</subfield>
    <subfield code="y">LIB</subfield>
  </datafield>
  <datafield tag="952" ind1=" " ind2=" ">
    <subfield code="0">0</subfield>
    <subfield code="1">0</subfield>
    <subfield code="a">BIBESET</subfield>
    <subfield code="b">BIBESET</subfield>
    <subfield code="c">circulacion</subfield>
    <subfield code="d">2022-02-07</subfield>
    <subfield code="l">0</subfield>
    <subfield code="o">530/ FIS</subfield>
    <subfield code="p">59253</subfield>
    <subfield code="r">2022-04-25</subfield>
    <subfield code="w">2022-04-25</subfield>
    <subfield code="y">LIB</subfield>
  </datafield>
  <datafield tag="952" ind1=" " ind2=" ">
    <subfield code="0">0</subfield>
    <subfield code="1">0</subfield>
    <subfield code="a">BIBESET</subfield>
    <subfield code="b">BIBESET</subfield>
    <subfield code="c">circulacion</subfield>
    <subfield code="d">2022-02-07</subfield>
    <subfield code="l">0</subfield>
    <subfield code="o">530/ FIS</subfield>
    <subfield code="p">59254</subfield>
    <subfield code="r">2022-04-25</subfield>
    <subfield code="w">2022-04-25</subfield>
    <subfield code="y">LIB</subfield>
  </datafield>
</record>
